<?xml version="1.0" encoding="UTF-8"?>
<record
    xmlns:xsi="http://www.w3.org/2001/XMLSchema-instance"
    xsi:schemaLocation="http://www.loc.gov/MARC21/slim http://www.loc.gov/standards/marcxml/schema/MARC21slim.xsd"
    xmlns="http://www.loc.gov/MARC21/slim">

  <leader>010320000a22001330004500</leader>
  <datafield tag="100" ind1="1" ind2=" ">
    <subfield code="a">&#xC1;lverez Villa, Juan Felipe</subfield>
  </datafield>
  <datafield tag="245" ind1="1" ind2="0">
    <subfield code="a">Reflexiones pedag&#xF3;gicas de la iush: de docentes para docentes.</subfield>
  </datafield>
  <datafield tag="300" ind1=" " ind2=" ">
    <subfield code="a">no.10 (abr.- jun., 2009),p.9-22</subfield>
  </datafield>
  <datafield tag="500" ind1=" " ind2=" ">
    <subfield code="a">Ubicaci&#xF3;n: varios</subfield>
  </datafield>
  <datafield tag="520" ind1=" " ind2=" ">
    <subfield code="a">El presente art&#xED;culo es evidencia y soporte del trabajo realizado con la participaci&#xF3;n de docentes y directivos docentes de la iush, para que la comunidad acad&#xE9;mica valore, reflexione y realimente desde la mirada externa, comprometida con el crecimiento, desarrollo y consolidaci&#xF3;n de un sistema educativo colombiano, que resista continuar inerme e indiferente en la b&#xFA;squeda de escenarios de aprendizaje m&#xE1;s propios de las culturas definidas en nuestra sociedad, con miras a consolidar una masa cr&#xED;tica, aut&#xF3;noma y consciente de su rol y compromiso con el futuro de las nuevas generaciones y sus interacciones con la educaci&#xF3;n superior  de am&#xE9;rica latina y el caribe.</subfield>
  </datafield>
  <datafield tag="650" ind1="1" ind2="4">
    <subfield code="a">PEDAGOGIA</subfield>
  </datafield>
  <datafield tag="773" ind1="0" ind2=" ">
    <subfield code="t">Revista Quid</subfield>
  </datafield>
  <datafield tag="942" ind1=" " ind2=" ">
    <subfield code="c">ANA</subfield>
  </datafield>
  <datafield tag="952" ind1=" " ind2=" ">
    <subfield code="0">0</subfield>
    <subfield code="1">0</subfield>
    <subfield code="4">0</subfield>
    <subfield code="7">0</subfield>
    <subfield code="8">HEM</subfield>
    <subfield code="a">FUSBC</subfield>
    <subfield code="b">FUSBC</subfield>
    <subfield code="d">2016-01-26</subfield>
    <subfield code="l">0</subfield>
    <subfield code="o"> </subfield>
    <subfield code="r">2016-01-26 00:00:00</subfield>
    <subfield code="w">2016-01-26</subfield>
    <subfield code="y">ANA</subfield>
  </datafield>
  <datafield tag="999" ind1=" " ind2=" ">
    <subfield code="c">63029</subfield>
    <subfield code="d">63029</subfield>
  </datafield>
</record>
